<?xml version="1.0" encoding="UTF-8"?>
<record
    xmlns:xsi="http://www.w3.org/2001/XMLSchema-instance"
    xsi:schemaLocation="http://www.loc.gov/MARC21/slim http://www.loc.gov/standards/marcxml/schema/MARC21slim.xsd"
    xmlns="http://www.loc.gov/MARC21/slim">

  <leader>02463nam a2200397 i 4500</leader>
  <controlfield tag="001">196264</controlfield>
  <controlfield tag="003">ES-MaACL</controlfield>
  <controlfield tag="005">20250720091911.0</controlfield>
  <controlfield tag="008">240823s2004    sp |          ||| ||spa  </controlfield>
  <datafield tag="016" ind1="7" ind2=" ">
    <subfield code="a">bimoBNE20040690353</subfield>
    <subfield code="2">SpMaBN</subfield>
  </datafield>
  <datafield tag="017" ind1=" " ind2=" ">
    <subfield code="a">M 23896-2004</subfield>
    <subfield code="b">Oficina Dep&#xF3;sito Legal Madrid</subfield>
  </datafield>
  <datafield tag="020" ind1=" " ind2=" ">
    <subfield code="a">8496049507</subfield>
  </datafield>
  <datafield tag="035" ind1=" " ind2=" ">
    <subfield code="a">(OCoLC)432944271</subfield>
  </datafield>
  <datafield tag="035" ind1=" " ind2=" ">
    <subfield code="a">(SpMaBN)bimo0001958511</subfield>
  </datafield>
  <datafield tag="035" ind1=" " ind2=" ">
    <subfield code="a">991016145519708606</subfield>
  </datafield>
  <datafield tag="040" ind1=" " ind2=" ">
    <subfield code="a">SpMaBN</subfield>
    <subfield code="b">spa</subfield>
    <subfield code="c">SpMaBN</subfield>
    <subfield code="e">rdc</subfield>
    <subfield code="d">ES-MaACL</subfield>
  </datafield>
  <datafield tag="080" ind1=" " ind2=" ">
    <subfield code="a">821.134.2-23"19"</subfield>
  </datafield>
  <datafield tag="100" ind1="1" ind2=" ">
    <subfield code="a">Luc&#xED;a Meg&#xED;as, Jos&#xE9; Manuel, </subfield>
    <subfield code="d">1967-</subfield>
    <subfield code="e">aut</subfield>
    <subfield code="9">240291</subfield>
  </datafield>
  <datafield tag="245" ind1="1" ind2="0">
    <subfield code="a">Prometeo condenado /</subfield>
    <subfield code="c">Jos&#xE9; Manuel Luc&#xED;a Meg&#xED;as.</subfield>
  </datafield>
  <datafield tag="250" ind1=" " ind2=" ">
    <subfield code="a">1&#xAA; ed.</subfield>
  </datafield>
  <datafield tag="260" ind1=" " ind2=" ">
    <subfield code="a">Madrid;</subfield>
    <subfield code="b">Calambur, </subfield>
    <subfield code="c">2004.</subfield>
  </datafield>
  <datafield tag="300" ind1=" " ind2=" ">
    <subfield code="a">87 p. :</subfield>
    <subfield code="c">23 cm.</subfield>
  </datafield>
  <datafield tag="336" ind1=" " ind2=" ">
    <subfield code="2">rdacontent</subfield>
    <subfield code="a">texto</subfield>
  </datafield>
  <datafield tag="337" ind1=" " ind2=" ">
    <subfield code="2">rdamedia</subfield>
    <subfield code="a">sin mediaci&#xF3;n</subfield>
  </datafield>
  <datafield tag="338" ind1=" " ind2=" ">
    <subfield code="2">rdacarrier</subfield>
    <subfield code="a">volumen</subfield>
  </datafield>
  <datafield tag="490" ind1="1" ind2=" ">
    <subfield code="a">Calambur poes&#xED;a ;</subfield>
    <subfield code="v">47</subfield>
  </datafield>
  <datafield tag="520" ind1=" " ind2=" ">
    <subfield code="a">Prometeo condenado no es la recreaci&#xF3;n de un mito cl&#xE1;sico, es la met&#xE1;fora de nuestro propio mundo occidental, pr&#xF3;spero y ego&#xED;sta, que nos encadena y termina por transformarnos en el &#xE1;guila que al amanecer se alimenta con los restos de nuestras entra&#xF1;as. Prometeo condenado nos enfrenta a un espejo de avidez, de silencios, de vendas con las que cubrimos nuestros ojos para no ver m&#xE1;s all&#xE1; de nuestra arrogancia. Prometeo permanece encadenado a una roca. &#xBF;Venganza del nuevo dios o consecuencia de su soberbia? Una noche transcurre ante sus ojos llenos de preguntas. Prometeo permanece encadenado a una roca solo. Acompa&#xF1;ado por las voces de las Oce&#xE1;nidas por el sue&#xF1;o de encuentros nocturnos por la visita de hombres y mujeres que huyen, que se han quedado sin tierra, que han visto morir sus entra&#xF1;as. Y Prometeo, desde su roca, parece que les habla, que conversa, pero calla, porque Prometeo +como nosotros+ no entiende el mundo que le ha tocado vivir. El mundo que se ofreci&#xF3; de luz en las promesas del nuevo dios. </subfield>
  </datafield>
  <datafield tag="655" ind1=" " ind2="7">
    <subfield code="2">tgfbne</subfield>
    <subfield code="9">176539</subfield>
    <subfield code="a">Poes&#xED;as</subfield>
  </datafield>
  <datafield tag="830" ind1=" " ind2="0">
    <subfield code="9">182221</subfield>
    <subfield code="a">Calambur poes&#xED;a ;</subfield>
    <subfield code="v">47</subfield>
  </datafield>
  <datafield tag="852" ind1=" " ind2=" ">
    <subfield code="a">ES-MaACL</subfield>
    <subfield code="b">R.154451</subfield>
    <subfield code="c">DEPOJ</subfield>
    <subfield code="j">N-9318</subfield>
    <subfield code="h">Donaci&#xF3;n: Jos&#xE9; Manuel Luc&#xED;a Meg&#xED;as</subfield>
    <subfield code="x">Encuadernaci&#xF3;n r&#xFA;stica con solapas</subfield>
    <subfield code="9">205389</subfield>
  </datafield>
  <datafield tag="903" ind1=" " ind2=" ">
    <subfield code="a">Luc&#xED;a Meg&#xED;as, Jos&#xE9; Manuel, </subfield>
    <subfield code="d">1967-</subfield>
    <subfield code="e">dnr</subfield>
    <subfield code="9">240291</subfield>
  </datafield>
  <datafield tag="942" ind1=" " ind2=" ">
    <subfield code="c">MONOGRAFIA</subfield>
    <subfield code="n">0</subfield>
  </datafield>
  <datafield tag="999" ind1=" " ind2=" ">
    <subfield code="c">196264</subfield>
    <subfield code="d">196264</subfield>
  </datafield>
  <datafield tag="952" ind1=" " ind2=" ">
    <subfield code="0">0</subfield>
    <subfield code="1">0</subfield>
    <subfield code="2">udc</subfield>
    <subfield code="4">0</subfield>
    <subfield code="7">0</subfield>
    <subfield code="a">ATENEOM</subfield>
    <subfield code="b">ATENEOM</subfield>
    <subfield code="c">DEPOJ</subfield>
    <subfield code="d">2025-05-10</subfield>
    <subfield code="e">DONACION</subfield>
    <subfield code="j">1</subfield>
    <subfield code="l">0</subfield>
    <subfield code="o">N-9318</subfield>
    <subfield code="p">101230041</subfield>
    <subfield code="r">2025-05-10 00:00:00</subfield>
    <subfield code="w">2025-05-10</subfield>
    <subfield code="y">MONOGRAFIA</subfield>
  </datafield>
</record>
